000
00286nam a2200133Ia 4500
008
090124s9999 xx 000 0 und d
082
_b
200775
245
_a
OUR POET
250
_a
0
260
_b
MAJUMDAR LILA
_c
1973
630
_a
OUR POET
730
_a
OUR POET
942
_c
BOOK
999
_c
182343
_d
182343